000
00227nam a2200097Ia 4500
008
190216s9999||||xx |||||||||||||| ||und||
100
_a
Edward Ructor
245
0
_a
World History
260
_b
The World Press Pvt Ltd
942
_c
BK
999
_c
18627
_d
18627